01413 2200493 4500001002100000005001500021035002500036008004100061020002200102040001700124082001700141084001700158245012700175260003100302300004200333650003200375700002700407850001200434007000300446090002100449090002200470504002500492999002200517990002200539990001800561990001800579990001800597990002200615990001800637990001800655990001800673990001800691990002200709990001800731990001800749990001800767990002200785990001800807990001800825990001800843990002200861990001800883990001800901INLIS00000000001298720200528102812 a0010-091500000001500150916s2014 yoia g ind d a978-602-258-245-8 aYOPDYOGbind04222a387.5089 a387.5089 ARU00aArus balik :bmemori rempah dan bahari nusantara kolonial dan postkolonial /cpenyunting, Dorothea Rosa Herliany...[et al]3 aYogyakarta :bOmbak,c2014 axv, 321 halaman :bilustrasi ;c23 cm 4aPelayanan samudra - Sejarah0 aDorothea Rosa Herliany aYOPDYOGta aNUS 387.5089 ARU aCB-D.11 2014-1338 aTermasuk bibliografi aCB-D.11/2014-1338 aCB-D.11/2014-1338 a22915-PD/B.15 a22916-PD/B.15 a22917-PD/B.15 aCB-D.11/2014-1338 a22915-PD/B.15 a22916-PD/B.15 a22917-PD/B.15 a22917-PD/B.15 aCB-D.11/2014-1338 a22915-PD/B.15 a22916-PD/B.15 a22916-PD/B.15 aCB-D.11/2014-1338 a22915-PD/B.15 a22917-PD/B.15 a22915-PD/B.15 aCB-D.11/2014-1338 a22916-PD/B.15 a22917-PD/B.15